000 00412nam a22001577a 4500
020 _a81-7319-651-6
082 _a363-73
_bRAN/E
100 _aRANA, S.V.S
245 _aENVIRONMENTAL POLLUTION
_bSOCIAL SCIENCE
246 _aENVIRONMENTAL POLLUTION
_bSOCIAL SCIENCE
260 _aNEW DELHI
_bNAROSA PUBLISHING HOUSE
_c2006
300 _a269
520 _aSOCIAL SCIENCE
650 _aSOCIAL SCIENCE
942 _cBK
999 _c1481
_d1481